Zdroje informácií o životnej poisťovni
Ratingové agentúry. Dohľad nad poisťovníctvom. Iné zdroje informácií. Niektoré kritériá a ukazovatele hodnotenia životných poisťovní. Neexistencia úplne spoľahlivých nástrojov na porovnanie finančného stavu a výkonnosti životných poisťovní.
Gespeichert in:
| 1. Verfasser: | |
|---|---|
| Format: | Buchkapitel |
| Sprache: | Slowakisch |
| Schlagworte: | |
| Tags: |
Keine Tags, Fügen Sie das erste Tag hinzu!
|
MARC
| LEADER | 00000naa$a2200000$$$4500 | ||
|---|---|---|---|
| 001 | 0006559 | ||
| 005 | 20230918115522.8 | ||
| 041 | 0 | |a slo | |
| 044 | |a SK | ||
| 245 | 1 | 0 | |a Zdroje informácií o životnej poisťovni |c aut. Katarína Sakálová |
| 520 | |a Ratingové agentúry. Dohľad nad poisťovníctvom. Iné zdroje informácií. Niektoré kritériá a ukazovatele hodnotenia životných poisťovní. Neexistencia úplne spoľahlivých nástrojov na porovnanie finančného stavu a výkonnosti životných poisťovní. | ||
| 610 | 2 | 0 | |a poistenie životné |
| 610 | 2 | 0 | |a poisťovne |
| 610 | 2 | 0 | |a informácie |
| 610 | 2 | 0 | |a zdroje informácií |
| 610 | 2 | 0 | |a výkonnosť |
| 100 | 1 | |a Sakálová, Katarína, 1955- | |